<?xml version="1.0" encoding="UTF-8"?>
<record
    xmlns:xsi="http://www.w3.org/2001/XMLSchema-instance"
    xsi:schemaLocation="http://www.loc.gov/MARC21/slim http://www.loc.gov/standards/marcxml/schema/MARC21slim.xsd"
    xmlns="http://www.loc.gov/MARC21/slim">

  <leader>00410nas a2200157I  4500</leader>
  <datafield tag="022" ind1=" " ind2=" ">
    <subfield code="a">0378-620x</subfield>
  </datafield>
  <datafield tag="040" ind1=" " ind2=" ">
    <subfield code="c">GUA</subfield>
  </datafield>
  <datafield tag="082" ind1=" " ind2=" ">
    <subfield code="a">515 BIR 1986 A032 Or.</subfield>
  </datafield>
  <datafield tag="245" ind1="0" ind2="0">
    <subfield code="a">Integral equations and operator theory</subfield>
  </datafield>
  <datafield tag="260" ind1="0" ind2="0">
    <subfield code="a">Basel,</subfield>
    <subfield code="b">Birkh&#xA9;&#xDE;user</subfield>
  </datafield>
  <datafield tag="300" ind1=" " ind2=" ">
    <subfield code="a">v.</subfield>
    <subfield code="c">24 cm</subfield>
  </datafield>
  <datafield tag="650" ind1=" " ind2="0">
    <subfield code="a">Integral equations</subfield>
  </datafield>
  <datafield tag="650" ind1=" " ind2="0">
    <subfield code="a">Operator theory</subfield>
  </datafield>
  <datafield tag="856" ind1="4" ind2="1">
    <subfield code="u">http://rave.ohiolink.edu/ejournals/issn/0378620X/</subfield>
  </datafield>
  <datafield tag="942" ind1=" " ind2=" ">
    <subfield code="c">EK</subfield>
  </datafield>
  <datafield tag="999" ind1=" " ind2=" ">
    <subfield code="c">12163</subfield>
    <subfield code="d">12163</subfield>
  </datafield>
  <datafield tag="952" ind1=" " ind2=" ">
    <subfield code="0">0</subfield>
    <subfield code="1">0</subfield>
    <subfield code="4">0</subfield>
    <subfield code="6">515_000000000000000_BIR_1986_A032_OR</subfield>
    <subfield code="7">0</subfield>
    <subfield code="9">61426</subfield>
    <subfield code="a">LBA</subfield>
    <subfield code="b">LBA</subfield>
    <subfield code="c">A032</subfield>
    <subfield code="d">2017-08-10</subfield>
    <subfield code="o">515 BIR 1986 A032 Or.</subfield>
    <subfield code="p">A18328</subfield>
    <subfield code="r">2017-08-10</subfield>
    <subfield code="w">2017-08-10</subfield>
    <subfield code="y">EK</subfield>
  </datafield>
  <datafield tag="952" ind1=" " ind2=" ">
    <subfield code="0">0</subfield>
    <subfield code="1">0</subfield>
    <subfield code="4">0</subfield>
    <subfield code="6">515_000000000000000_BIR_1986_A032_OR</subfield>
    <subfield code="7">0</subfield>
    <subfield code="9">61427</subfield>
    <subfield code="a">LBA</subfield>
    <subfield code="b">LBA</subfield>
    <subfield code="c">A032</subfield>
    <subfield code="d">2017-08-10</subfield>
    <subfield code="o">515 BIR 1986 A032 Or.</subfield>
    <subfield code="p">A18383</subfield>
    <subfield code="r">2017-08-10</subfield>
    <subfield code="y">EK</subfield>
  </datafield>
  <datafield tag="952" ind1=" " ind2=" ">
    <subfield code="0">0</subfield>
    <subfield code="1">0</subfield>
    <subfield code="4">0</subfield>
    <subfield code="6">515_000000000000000_BIR_1986_A032_OR</subfield>
    <subfield code="7">0</subfield>
    <subfield code="9">61428</subfield>
    <subfield code="a">LBA</subfield>
    <subfield code="b">LBA</subfield>
    <subfield code="c">A032</subfield>
    <subfield code="d">2017-08-10</subfield>
    <subfield code="o">515 BIR 1986 A032 Or.</subfield>
    <subfield code="p">A16673</subfield>
    <subfield code="r">2017-08-10</subfield>
    <subfield code="y">EK</subfield>
  </datafield>
  <datafield tag="952" ind1=" " ind2=" ">
    <subfield code="0">0</subfield>
    <subfield code="1">0</subfield>
    <subfield code="4">0</subfield>
    <subfield code="6">515_000000000000000_BIR_1986_A032_OR</subfield>
    <subfield code="7">0</subfield>
    <subfield code="9">61429</subfield>
    <subfield code="a">LBA</subfield>
    <subfield code="b">LBA</subfield>
    <subfield code="c">A032</subfield>
    <subfield code="d">2017-08-10</subfield>
    <subfield code="o">515 BIR 1986 A032 Or.</subfield>
    <subfield code="p">A15893</subfield>
    <subfield code="r">2017-08-10</subfield>
    <subfield code="y">EK</subfield>
  </datafield>
</record>
